000 00292nam a2200121Ia 4500
008 190216s9999||||xx |||||||||||||| ||und||
100 _aMuhamed Kutty Elambilakkode
245 0 _aKokilaganam
260 _bIslamic Publishing House
_c1993
300 _a87p
650 _aKavithkal
942 _cBK
999 _c27733
_d27733